Dans l'Orient byzantin
Αποθηκεύτηκε σε:
| Κύριος συγγραφέας: | |
|---|---|
| Μορφή: | Βιβλίο |
| Γλώσσα: | French |
| Δημοσίευση: |
Paris :
E. de Boccard,
1917
|
| Σειρά: | Collection d'etudes d'histoire & d'archeologie
|
| Θέματα: | |
| Ετικέτες: |
Προσθήκη ετικέτας
Δεν υπάρχουν, Καταχωρήστε ετικέτα πρώτοι!
|
MARC
| LEADER | 00000cam a2200000 i 4500 | ||
|---|---|---|---|
| 001 | 1/10221 | ||
| 008 | 000830s1917 fre d | ||
| 035 | |l 10063354 | ||
| 040 | |a GR-MY-UA |b gre |e aacr | ||
| 041 | 0 | |a fre | |
| 082 | 0 | |a 938.3 | |
| 100 | 1 | |a Diehl, Charles, |d 1859-1944. | |
| 245 | 1 | 0 | |a Dans l'Orient byzantin / |c Charles Diehl |
| 260 | |a Paris : |b E. de Boccard, |c 1917 | ||
| 300 | |a vii, 327 p. | ||
| 490 | 1 | |a Collection d'etudes d'histoire & d'archeologie | |
| 500 | |a Βρίσκεται σε ειδικό ράφι. Διαθέσιμο μόνο για ανάγνωση, εάν ζητηθεί. | ||
| 504 | |a Includes bibliographical references | ||
| 651 | 0 | |a Byzantine Empire |x Civilization. | |
| 651 | 0 | |a Byzantine Empire |x History. | |
| 830 | 0 | |a Collection d'etudes d'histoire & d'archeologie | |
| 852 | |a INST |b LESVOS |e 20000830 |h 938.3 DIE |p 005100021173 |q 005100021173 |t BK |y 0 | ||
| 901 | |a BIBL1-2000-2 | ||
| 909 | |a Λ |b 072422 | ||
| 970 | |z 2000/08/ELIDOC | ||